Normal view
MARC view
Entry Topical Term
001 - CONTROL NUMBER
- control field: 592
003 - CONTROL NUMBER IDENTIFIER
- control field: OSt
005 - DATE AND TIME OF LATEST TRANSACTION
- control field: 20140716145556.0
008 - FIXED-LENGTH DATA ELEMENTS
- fixed length control field: 140716|| aca||aabn | a|a d
040 ## - CATALOGING SOURCE
- Original cataloging agency: OSt
- Transcribing agency: OSt
150 ## - HEADING--TOPICAL TERM
- Topical term or geographic name entry element: AIDS-Poverty
670 ## - SOURCE DATA FOUND
- Source citation: Work cat.: (OSt): Lule Elizabeth 591, The fiscal dimension of HIV/AIDS in Botswana, South africa, Swaziland and Uganda, 2012
